000 01071cam a2200217 4500
001 WB3834-15
008 020917n2002 000 0 eng u
035 _a(Sirsi) u119724
245 _aBetter recreational land and buildings
260 _c2002
490 _aODPM News Release
_v13 September 2002, (2)
520 _aGovernment has published a good practice guide to help local planning authorities assess the needs of their communities for sport facilities and recreational land. The guide accompanies the recently revised "PPG17: Planning for open space, sport and recreation". "Assessing needs and opportunities: a companion guide to PPG17" available at www.planning.odpm.gov.uk/anocg/index.htm PPG17 available at www.planning.odpm.gov.uk/ppg/ppg17/index.htm www.odpm.gov.uk/news/0209/0073.htm
590 _aWB
650 _aPPG17
650 _aRECREATIONAL FACILITIES
650 _aSPORTS GROUNDS
650 _aPLANNING POLICY GUIDANCE
650 _aOPEN SPACES
690 _aENVIRONMENTAL AND LAND CONSULTANCY-PLANNING AND DEVELOPMENT
942 _n0
999 _c71158
_d71158